000 00282nam a22001337a 4500
008 190129b xxu||||| |||| 00| 0 eng d
020 _a9780070342514
041 _aeng
080 _a510
100 _a36
101 _aMAT
245 _aConnections
_cKappraff, J
942 _2udc
_cBK
999 _c53888
_d53888